Too Hot To Handle Season 3 Cast - Statistics

General Stats
  • This quiz has been taken 60 times
  • The average score is 8 of 15
Answer Stats
Origin Answer % Correct
Middlesborough, UK Harry
85%
Colorado, USA Holly
83%
Queensland, Australia Georgia
80%
Cape Town, South Africa Nathan
80%
London, UK Beaux
67%
Hawaii, USA Patrick
61%
Cheltenham, UK Izzy
59%
Texas, USA Truth
54%
Los Angeles, USA Stevan
48%
Virginia, USA Jaz
46%
Cape Town, South Africa Gerrie
39%
Surrey, UK Olga
37%
London, UK Jackson
35%
Ontario, Canada Obi
31%
Los Angeles, USA Brianna
28%
No matching quizzes found
Score Distribution
Percent of People with Each Score
Percentile by Number Answered
Your Score History
You have not taken this quiz